|
|
|
|
| LEADER |
01569nam a2200349 a 4500 |
| 001 |
000002139 |
| 005 |
00000000000000.0 |
| 007 |
ta |
| 008 |
980724s1890 xr a e 010 d cze |
| FMT |
|
|
|
| 040 |
|
|
|a SVKKK
|b slo
|c SVKKK
|e AACR2
|
| 041 |
0 |
|
|a cze
|
| 044 |
|
|
|a xr
|c CZ
|
| 080 |
|
|
|a 059
|
| 080 |
|
|
|a 885-2 Klicpera V.
|
| 100 |
1 |
|
|a Klicpera, Václav Kliment
|4 aut
|
| 245 |
1 |
0 |
|a Almanach Dramatyckých her /
|c od W. Klicpery.
|
| 260 |
|
|
|a W Hradcy Králowé a w Praze :
|b Wydán nákladem J. H. Pospjšila, biskupského Impressora a au" činkugjcýho auda Českého národnjho Muzeum,
|c 1890
|
| 300 |
|
|
|a 215,[1] s.
|
| 300 |
|
|
|a A/4,a/8,B/4,b/8-H/4,h/8,I/4,i/8 [=108] list.
|c 8° (11,5x9,5 cm)
|
| 500 |
|
|
|a Venovanie autora Panu Blahorodu Hraběti z Wrbna a Freudenthálu a Geho cýs. král. aposstolské Gasnosti komořjmu, Pánu Na Hořowicých, Komárowě, Waldeku, Gincých. Linky ozdob. Linky. Titl. list s drevorez. výzd. Tlač. pozn. pod čiarou v čes., lat. jaz. Väzba obálka, hnedý papier. Pred. obálka s rámcovou ornam.-link. výzdobou a s textom Almanach dramatyckých her od Klicpery na rok 1825. Zad. obálka s rámcovou ornam.-link. výzdobou a s textom W Hradcy Králowé 182.
|
| 510 |
4 |
|
|a Ref.:
|
| 561 |
|
|
|a Peč.: A. F. Kral.
|
| 561 |
|
|
|a Peč.: Štátna vedecká knižnica v Košiciach.
|
| 653 |
1 |
|
|a hry dramatické
|
| 710 |
0 |
|
|a Pospíšil, Jan František
|c Hostivít
|4 pbl
|
| 852 |
|
|
|p I 21375 inv. č. 302353
|
| 904 |
|
|
|a y---y----zz------caya-0001
|
| 905 |
|
|
|a g--a0cb-
|
| 910 |
|
|
|a svkkk
|
| 998 |
|
|
|a BOHEM
|
| BAS |
|
|
|